Statistics for Take Me Home, Country Roads Lyrics

Click here to take the quiz!

General Stats

  • This quiz has been taken 50 times
  • The average score is 23 of 26

Answer Stats

Lyrics% Correct
{Country roads}, take me home
96%
{Country roads}, take me home
96%
{Country roads}, take me home
96%
Take me home, {country roads}
96%
Take me home, {country roads}
96%
Take me home, {country roads} x2
96%
Take me home down {country roads}...
96%
Take me home down {country roads}
96%
To the place I {belong}
93%
To the place I {belong}
93%
To the place I {belong}
93%
Blue Ridge {Mountains}, Shenandoah River
91%
And driving down the {road} I get a feeling
89%
Almost {heaven}, West Virginia
87%
{West Virginia}, mountain mama
87%
{West Virginia}, mountain mama
87%
{West Virginia}, mountain mama
87%
That I should have been home {yesterday}
84%
The radio reminds me of my {home} far away
84%
Younger than the mountains, blowing like a {breeze}
84%
Life is old there, older than the {trees}
78%
Miner's lady, stranger to blue {water}
76%
All my {memories} gather round her
73%
I hear her {voice}, in the morning hour she calls me
73%
Misty taste of moonshine, {teardrop} in my eye
73%
{Dark} and dusty, painted on the sky
64%

Score Distribution

Percentile by Number Answered

Percent of People with Each Score

Your Score History

You have not taken this quiz